00802nam a2200205 a 450000100100000000500170001000800410002702000150006804000250008308200220010810000280013024501300015826000400028830000260032859000270035470000420038170000340042395201220045799900170057900004817420201002060952.0181204s2002 dr 000 0 spa d a9993487244 aDO-SdBNPbspacBNPHU bF385e, 8vo., 20021 aFerrer, Vicente,93046310aEducación artística 8. :b[educación básica] /ceditorial Obdulia García de Escobar; ilustración Ruddy Núñez. aSanto Domingo :bSantillana,c2002. a87p. :bil., ;c28cm. aInventariado, 2019/MFF1 aGarcía Escobar, Obduliaeed.9295601 aNúñez, Ruddy,eil.923171 0010718PDaPDbPDcHDd2018-12-04iLF1l0o F385e, 8vo., 2002p48174-10r2020-06-25w2020-06-25yLFPDZNo se presta c47662d47662